00307nam a2200109Ia 4500008004100000020001800041041000800059082001700067100001300084245004300097260005700140230717s9999 xx 000 0 und d a81-7534-489-X aeng a346.015bDAS aDas, P K aUniversals New Law On Hindu Succession aDelhibUniversity Law Publishing Co. Pvt. Ltd.c2005